Geography Quiz

Random Geography or World Quiz

African Country by Clues Quiz Stats

 Plays Quiz not verified by Sporcle

Challenge
Share
Tweet
Embed
Score 0/20 Timer 05:00
0 Plays Today
Clues Country % Correct
souk, Atlas, CasablancaMorocco
97.2%
apartheid, gold, MasekelaSouth Africa
93.6%
hieroglyphics, Khufu, OsirisEgypt
92.7%
Sahara, el-Salahi, DarfurSudan
89%
Maasai, Kikuyu, SwahiliKenya
86.2%
Serengeti, ujamaa, LaetoliTanzania
84.4%
salt, griots, TimbuktuMali
82.6%
Victoria, Amin, KasubiUganda
78%
Zambezi, waterfall, LoziZambia
77.1%
Rastafarianism, coffee, AxumEthiopia
75.2%
Clues Country % Correct
Kalahari, Khoi-San, diamondsBotswana
73.4%
rubber, coltan, gorillasDemocratic Republic of the Congo
69.7%
Biafra, Lugard, deltaNigeria
67.9%
emancipation, Taylor, SirleafLiberia
66.1%
Camus, Augustine, raiAlgeria
61.5%
Cotonou, Dahomey, Cobra-verdeBenin
60.6%
Cyrenaica, jamahiriya, GhatsLibya
54.1%
oil, communism, motorsportsAngola
52.3%
highlife, Nkrumah, cacaoGhana
45.9%
Zangalewa, Biya, makossaCameroon
24.8%

You're not logged in!

Compare scores with friends on all Sporcle quizzes.
Join for Free
OR
Log In

You Might Also Like...

Show Comments

Extras

Top Quizzes Today


Score Distribution

Your Account Isn't Verified!

In order to create a playlist on Sporcle, you need to verify the email address you used during registration. Go to your Sporcle Settings to finish the process.

Report this User

Report this user for behavior that violates our Community Guidelines.

Details: